Discovering computers 2002: (Record no. 5849)

MARC details
000 -LEADER
fixed length control field 00842nam a22002537a 4500
003 - CONTROL NUMBER IDENTIFIER
control field OSt
005 - DATE AND TIME OF LATEST TRANSACTION
control field 20251120100646.0
008 - FIXED-LENGTH DATA ELEMENTS--GENERAL INFORMATION
fixed length control field 251120b |||||||| |||| 00| 0 eng d
020 ## - INTERNATIONAL STANDARD BOOK NUMBER
International Standard Book Number 0-7895-6185-9.
040 ## - CATALOGING SOURCE
Original cataloging agency DWC-Main lib.
Transcribing agency OC
082 ## - DEWEY DECIMAL CLASSIFICATION NUMBER
Classification number Circ. 004 Sh44m 2001
100 ## - MAIN ENTRY--PERSONAL NAME
Personal name Shelly, Gary V.
245 ## - TITLE STATEMENT
Title Discovering computers 2002:
Remainder of title concepts for a digital world (web enhanced complete)/
Statement of responsibility, etc. Gary V. Shelly
260 ## - PUBLICATION, DISTRIBUTION, ETC.
Place of publication, distribution, etc. Australia:
Name of publisher, distributor, etc. Thomson Learning,
Date of publication, distribution, etc. c2001.
300 ## - PHYSICAL DESCRIPTION
Extent xvi, v.p. ;
Dimensions 27 cm.
504 ## - BIBLIOGRAPHY, ETC. NOTE
Bibliography, etc. note Includes index.
650 ## - SUBJECT ADDED ENTRY--TOPICAL TERM
Topical term or geographic name entry element 1. Computers.
650 ## - SUBJECT ADDED ENTRY--TOPICAL TERM
Topical term or geographic name entry element 2. Electronic data processing.
650 ## - SUBJECT ADDED ENTRY--TOPICAL TERM
Topical term or geographic name entry element 3. Internet. I. Cashman, Thomas J. II. Vermaat, Misty E.
700 ## - ADDED ENTRY--PERSONAL NAME
Personal name Cashman, Thomas J.
700 ## - ADDED ENTRY--PERSONAL NAME
Personal name Vermaat, Misty E.
760 ## - MAIN SERIES ENTRY
Edition 2002 edition.
942 ## - ADDED ENTRY ELEMENTS (KOHA)
Source of classification or shelving scheme Dewey Decimal Classification
Koha item type Book Circulation
Edition 2002 edition.
Classification part Circ.
Suppress in OPAC No
952 ## - LOCATION AND ITEM INFORMATION (KOHA)
--
952 ## - LOCATION AND ITEM INFORMATION (KOHA)
--
Holdings
Withdrawn status Lost status Source of classification or shelving scheme Damaged status Not for loan Home library Current library Shelving location Date acquired Total Checkouts Full call number Barcode Date last seen Copy number Price effective from Koha item type Uniform Resource Identifier Source of acquisition
    Dewey Decimal Classification     College Library College Library Filipiniana 01/30/2003   Circ. 004 Sh44m 2001 CL36550 11/20/2025 c1 11/20/2025 BK-CIRC  
    Dewey Decimal Classification     College Library College Library Filipiniana 04/26/2014   Circ. 004 Sh44m 2001 CL50762 11/20/2025 c2 11/20/2025 BK-CIRC Donation